000 00247nam a2200097Ia 4500
008 170620s9999 xx 000 0 und d
100 _aTyagi
245 0 _aShiksha ke Darshnik evam Samajik Adhar (Hindi)
260 _bAgra- Vinod Pustak Mandir
260 _c2001
300 _a330
999 _c23553
_d23553